Visualizzazione normale
Vista MARC
- Rottura
di Personal Name
Records bibliografici associati: 1
001 - CONTROL NUMBER
- control field: 30444
003 - CONTROL NUMBER IDENTIFIER
- control field: IT-RoPau
005 - DATE AND TIME OF LATEST TRANSACTION
- control field: 20140618120442.0
008 - FIXED-LENGTH DATA ELEMENTS
- fixed length control field: 140618|| aca||aabn | a|a d
040 ## - CATALOGING SOURCE
- Original cataloging agency: IT-RoPau
- Transcribing agency: IT-RoPau
100 ## - HEADING--PERSONAL NAME
- Personal name: Rottura
- Relator term: Autore testo e musica
- Miscellaneous information: Codice autore testo/musica SPICS: 43102
670 ## - SOURCE DATA FOUND
- Source citation: Work cat.: (IT-RoPau)102028: Rottura 30439, Rottura